000 00852nam a2200229Ia 4500
001 L150-1232
003 IT-CnALBA
008 170116s9999||||xx |||||||||||||| ||und||
040 _aIT-CnALBA
_cIT-CnALBA
041 _aITALIANO
100 _aHAFNER HEINZ
245 0 _aESPERIENZA (L') DELLA COLPA E LA COSCIENZA.
250 _a1a ed.
260 _aCINISELLO BALSAMO (MI)
_bEDIZIONI PAOLINE
_c1958 [1° Ed.: n.d.]
300 _a232 p.
500 _aTRADUZIONE DAL TEDESCO DI BORNETTINI MAGLIANO. NATURA DELLA NEVROSI. SCOPO DELLA PSICOTERAPIA.
501 _aSocietà San Paolo EM - Piazza San Paolo, 14 - 12051 ALBA (CN) (non commercial uses only) ® Copyright 2017
520 _aTRADUZIONE DAL TEDESCO DI BORNETTINI MAGLIANO. NATURA DELLA NEVROSI. SCOPO DELLA PSICOTERAPIA.
650 _aPSICOLOGIA
942 _cBK
957 _71
999 _a2223
_bNO
_g Copie: 1
_c260460
_d260460